000 00310nam a2200133Ia 4500
999 _c14005
_d14005
008 260210s9999 xx 000 0 und d
020 _a9781032755212
082 _a711
100 _a Martin Krieger
245 0 _aThe Humanities in City Planning
260 _b Routledge
260 _c2024
942 _cPG
_2ddc